Missing Word: Best Albums of the '90s Quiz Stats

Quiz Updated Jan 4, 2018

Challenge
Share
Tweet
Embed
Score 0/20 Timer 03:00
0 Plays Today
Album Word % Correct
Jagged _______ PillLittle
91.1%
(What's the _______) Morning Glory?Story
84.8%
Ray of _______Light
77.9%
Harvest _______Moon
74.6%
_______ BabyAchtung
72.2%
OK _______Computer
70.6%
In _______Utero
69%
The Downward _______Spiral
67.1%
Blood _______ Sex MagikSugar
65.1%
_______ for the PeopleAutomatic
50.4%
Album Word % Correct
The _______ of Lauryn HillMiseducation
50.3%
Reasonable _______Doubt
46.8%
Siamese _______Dream
42.2%
_______ to DieReady
41.7%
_______ the Wu-Tang (36 Chambers)Enter
32.2%
Time Out of _______Mind
30.8%
Ill _______Communication
30%
_______ and Everything AfterAugust
25.4%
The Low End _______Theory
17.7%
_______ RecordingsAmerican
16.5%

Today's Daily Dose

Missing Word
Spring is Sprung

Word Ladder
Stranger Things

On This Day
April 27th II

You're not logged in!

Compare scores with friends on all Sporcle quizzes.
Sign Up with Email
OR
Log In

You Might Also Like...

Show Comments

Extras

Top Quizzes Today


Score Distribution

Your Account Isn't Verified!

In order to create a playlist on Sporcle, you need to verify the email address you used during registration. Go to your Sporcle Settings to finish the process.

Report this User

Report this user for behavior that violates our Community Guidelines.

Details: